Quyết đoán trong mọi tình huống = How to be assertive in any situation

Phân tích tính quyết đoán trong mỗi con người, cách rèn luyện để trở thành người quyết đoán và đưa ra một số lời khuyên khi áp dụng chúng vào thực tiễn như: quyết đoán với gia đình, với bạn bè, trong công việc, khi phỏng vấn, trong cuộc h...

Descripció completa

Guardat en:
Dades bibliogràfiques
Autor principal: Hadfield, Sue
Format: Llibre
Idioma:Undetermined
Publicat: Thanh Hóa Nxb. Thanh Hóa 2019
Matèries:
Etiquetes: Afegir etiqueta
Sense etiquetes, Sigues el primer a etiquetar aquest registre!
Thư viện lưu trữ: Trung tâm Học liệu Trường Đại học Cần Thơ
LEADER 01147nam a2200217Ia 4500
001 CTU_238639
008 210402s9999 xx 000 0 und d
020 |c 118000 
082 |a 158.2 
082 |b H129 
100 |a Hadfield, Sue 
245 0 |a Quyết đoán trong mọi tình huống = 
245 0 |b How to be assertive in any situation 
245 0 |c Sue Hadfield, Gill Hasson ; Thế Anh (dịch) 
260 |a Thanh Hóa 
260 |b Nxb. Thanh Hóa 
260 |c 2019 
520 |a Phân tích tính quyết đoán trong mỗi con người, cách rèn luyện để trở thành người quyết đoán và đưa ra một số lời khuyên khi áp dụng chúng vào thực tiễn như: quyết đoán với gia đình, với bạn bè, trong công việc, khi phỏng vấn, trong cuộc họp, khi ra quyết định... và phương cách giúp người khác trở nên quyết đoán 
650 |a Quyết đoán (Tâm lý học),Assertiveness (Psychology) 
910 |b nthai 
980 |a Trung tâm Học liệu Trường Đại học Cần Thơ